| 000 | 00395nam a22001571a 4500 | ||
|---|---|---|---|
| 082 |
_aS 294.592 1 _bSUM/A |
||
| 100 | _aSuman Sharma | ||
| 245 |
_aThe aitareya aranyaka: _ba study/ _cby Suman Sharma |
||
| 260 |
_aDelhi: _bEastern Book Linkers, _c1981. |
||
| 300 | _a234p. | ||
| 650 | _aAranyaka Aitareya | ||
| 650 | _aVedic Literature | ||
| 650 | _aHinduism | ||
| 650 | _aReligion | ||
| 942 | _cBK | ||
| 999 |
_c1449 _d1449 |
||